000 01306cam a22002054a 4500
005 20250605163922.0
008 250528s1992 ||||||||||||||||||||||||d
035 _a14436
020 _a803984456
040 _aGR-AtMCL
_bgre
_dGR-AtMCL
_eAACR2
245 1 _aThe Global Business Environment / An Introduction
250 _a1st
260 _bSage Publications,
_c1992
300 _a224
520 _aThe key political, economic and cultural developments and institutions that constitute the global environment for international business. Acknowledgements, Introduction, Historical and Economic Background. Firms and International Business, The Global Scene and the Challenges Ahead, Major Challenges to Free International Trade, Political Risk, Protectionism, Accounting and Taxation and Legal Practices, The International Debt Crisis, Efforts to Enhance Free International Trade, Global Monetary Institutions and Trade Arrangements, Regional Trade Agreements and Pacts, Doing Business with Others, Socio-cultural Context of International Business, East European Countries, Developing and Newly Industrialized Countries, Japan, The International Manager's World, Management of International Firms, References, Index.
700 1 _aTayeb Monir H
_994
942 _cBK
999 _c69
_d69